000
00315nam a2200133Ia 4500
008
220216s9999 xx 000 0 und d
245
0
_a
RRIM 600 series clones : Final report
260
_b
Planters Bulletin
_c
1974
300
_a
61-70
650
_a
Girth
650
_a
Wind damage
650
_a
Yield
942
_c
JS
999
_c
67314
_d
67314